|
|
|
|
| LEADER |
03285nam a2200517 4500 |
| 001 |
978-3-030-05828-9 |
| 003 |
DE-He213 |
| 005 |
20191023141743.0 |
| 007 |
cr nn 008mamaa |
| 008 |
181228s2019 gw | s |||| 0|eng d |
| 020 |
|
|
|a 9783030058289
|9 978-3-030-05828-9
|
| 024 |
7 |
|
|a 10.1007/978-3-030-05828-9
|2 doi
|
| 040 |
|
|
|d GrThAP
|
| 050 |
|
4 |
|a JC421-472.2
|
| 072 |
|
7 |
|a JPHV
|2 bicssc
|
| 072 |
|
7 |
|a POL007000
|2 bisacsh
|
| 072 |
|
7 |
|a JPHV
|2 thema
|
| 082 |
0 |
4 |
|a 321.8
|2 23
|
| 100 |
1 |
|
|a Wehner, Burkhard.
|e author.
|4 aut
|4 http://id.loc.gov/vocabulary/relators/aut
|
| 245 |
1 |
0 |
|a Universal Basic Income and the Reshaping of Democracy
|h [electronic resource] :
|b Towards a Citizens' Stipend in a New Political Order /
|c by Burkhard Wehner.
|
| 250 |
|
|
|a 1st ed. 2019.
|
| 264 |
|
1 |
|a Cham :
|b Springer International Publishing :
|b Imprint: Springer,
|c 2019.
|
| 300 |
|
|
|a VI, 61 p.
|b online resource.
|
| 336 |
|
|
|a text
|b txt
|2 rdacontent
|
| 337 |
|
|
|a computer
|b c
|2 rdamedia
|
| 338 |
|
|
|a online resource
|b cr
|2 rdacarrier
|
| 347 |
|
|
|a text file
|b PDF
|2 rda
|
| 490 |
1 |
|
|a SpringerBriefs in Political Science,
|x 2191-5466
|
| 505 |
0 |
|
|a Introduction -- Basic Income: A Project for Generations -- A Long-Term Vision -- Basic Income in Other Policy Areas -- Common Objections to Basic Income -- The Role of Pilot Studies -- Basic Income, Demographic Structure and the Size of the State -- Basic Income and the Reshaping of Democracy -- Project for the 22nd Century? -- Bibliography.
|
| 520 |
|
|
|a How, where and when can a universal basic income be put into political practice? This book discusses these questions by analyzing the political logic of a basic income and its controversial political and scientific implications. The author studies the institutions, rules, and decision-making processes of conventional democracies to reveal an institutional framework in which a universal basic income for all citizens could eventually become politically viable. The work addresses a broad range of topics, such as nationwide experiments with a basic income, voters' support for the idea, and the effects of a basic income on business cycles and demographic policies. As such, it will appeal to anyone interested in the preconditions and implications of introducing a universal basic income.
|
| 650 |
|
0 |
|a Democracy.
|
| 650 |
|
0 |
|a Welfare state.
|
| 650 |
|
0 |
|a Social policy.
|
| 650 |
|
0 |
|a Welfare economics.
|
| 650 |
1 |
4 |
|a Democracy.
|0 http://scigraph.springernature.com/things/product-market-codes/911050
|
| 650 |
2 |
4 |
|a Politics of the Welfare State.
|0 http://scigraph.springernature.com/things/product-market-codes/X33050
|
| 650 |
2 |
4 |
|a Social Policy.
|0 http://scigraph.springernature.com/things/product-market-codes/W34020
|
| 650 |
2 |
4 |
|a Social Choice/Welfare Economics/Public Choice/Political Economy.
|0 http://scigraph.springernature.com/things/product-market-codes/W31020
|
| 710 |
2 |
|
|a SpringerLink (Online service)
|
| 773 |
0 |
|
|t Springer eBooks
|
| 776 |
0 |
8 |
|i Printed edition:
|z 9783030058272
|
| 776 |
0 |
8 |
|i Printed edition:
|z 9783030058296
|
| 830 |
|
0 |
|a SpringerBriefs in Political Science,
|x 2191-5466
|
| 856 |
4 |
0 |
|u https://doi.org/10.1007/978-3-030-05828-9
|z Full Text via HEAL-Link
|
| 912 |
|
|
|a ZDB-2-POS
|
| 950 |
|
|
|a Political Science and International Studies (Springer-41174)
|